000 00347nam a2200133 i 4500
001 bg
100 1 _aTISCENKO, N. M.
245 0 _aProektirovanie magnitnych i poluprovodnikovych elementov avtomatiki /
_cN.M. Tiscenko.
260 _aMoskva,
_c1970.
040 _cBPK
041 _apol
942 _cKS
008 s pl f |000 0 pol
999 _c13311
_d13311
856 _uhttp://koha.tu.koszalin.pl/cgi-bin/koha/opac-detail.pl?biblionumber=13311
_yKatalog online BPK